00547nam a2200169 i 4500003000400000005001700004008004100021020001800062040002300080100002000103245008800123264004000211300001800251600002600269650004500295651003700340OSt20191121104212.0191121e201902 spc 000 0acat|d a9788417214623 aES-BaBCbcatcCDMR1 aFerri, Llibert,12aL'ombra dels anysb: memòria d'un tram de vida europea 1939-1990c/ Llibert Ferri 1aBarcelona :bAngle Editorial,c2019 a303 p.c22 cm17aFerri, Llibert2lemac 7aPeriodisteszCatalunyaxBiografia2lemac 7aEuropaxHistòriayS. XX2lemac